Normal view
MARC view
- Bhatti, Husnain Javid
Entry Personal Name
001 - CONTROL NUMBER
- control field: 114375
003 - CONTROL NUMBER IDENTIFIER
- control field: NUST
005 - DATE AND TIME OF LATEST TRANSACTION
- control field: 20230901095126.0
008 - FIXED-LENGTH DATA ELEMENTS
- fixed length control field: 230901|| aca||aabn | a|a d
040 ## - CATALOGING SOURCE
- Original cataloging agency: NUST
- Transcribing agency: NUST
100 ## - HEADING--PERSONAL NAME
- Personal name: Bhatti, Husnain Javid
670 ## - SOURCE DATA FOUND
- Source citation: Work cat.: (NUST): Bhatti, Husnain Javid, MRI Image reconstruction using deep learning
